Colorado Avalanche 2025-2026 Roster - Statistics

General Stats
  • This quiz has been taken 48 times
    47 since last reset
  • The average score is 15 of 23
Answer Stats
Jersey # Pos Player % Correct
8 D Cole Makar
100%
29 C Nathan MacKinnon
100%
88 C Martin Necas
88%
39 G Mackenzie Blackwood
82%
11 C Brock Nelson
79%
7 D Devon Toews
79%
41 G Scott Wedgewood
79%
92 LW Gabriel Landeskog
76%
62 LW Artturi Lehkonen
73%
84 D Brent Burns
67%
18 C Jack Drury
67%
13 RW Valeri Nichushkin
67%
42 D Josh Manson
64%
49 D Samuel Girard
64%
70 D Sam Malinski
61%
17 C Parker Kelly
52%
20 C Ross Colton
52%
94 LW Joel Kiviranta
48%
54 C Gavin Brindley
45%
95 LW Victor Olofsson
39%
50 G Trent Miner
36%
93 C Zakhar Bardakov
36%
15 D Jack Ahcan
24%
No matching quizzes found
Score Distribution
Percent of People with Each Score
Percentile by Number Answered
Your Score History
You have not taken this quiz since the last reset